Statistics for World Of Warcraft Final Raid Bosses Quiz

Click here to take the quiz!

General Stats

  • This quiz has been taken 328 times
  • The average score is 19 of 39

Answer Stats

RaidFinal Boss% Correct
Molten CoreRagnaros
96%
Gruul's LairGruul
90%
Onyxia's LairOnyxia
87%
Magtheridon's LairMagtheridon
86%
Battle for Mount HyjalArchimonde
85%
Temple of Ahn'QirajC'thun
83%
Icecrown CitadelThe Lich King
80%
Tomb of SargerasKil'jaeden
79%
Black TempleIllidan Stormrage
78%
NaxxramasKel'Thuzad
78%
DragonsoulDeathwing
75%
UlduarYogg Saron
74%
Siege of OrgrimmarGarrosh
70%
Blackwing LairNefarian
69%
NightholdGul'Dan
67%
Serpentshrine CavernLady Vashj
64%
The Eye of EternityMalygos
64%
The EyeKael'thas Sunstrider
58%
Trial of the CrusaderAnub'arak
57%
Throne of the Four WindsAl'Akir
53%
Blackrock FoundryBlackhand
52%
Emerald NightmareXavius
52%
Trial of ValorHelya
51%
Terrace of Endelss SpringSha of Fear
43%
KarazhanPrince Malchezaar
34%
The Obsidian SanctumSartharion
33%
The Ruby SanctumHalion
31%
Throne of ThunderRa-den
26%
HighmaulImperator Mar'gok
21%
Ruins of Ahn'QirajOssirian the Unscarred
19%
FirelandsFirelord
14%
Heart of FearGrand Empress Shek'zeer
13%
Mogu'shan VaultsWill of the Emperor
13%
Vault of ArchavonToravon the Ice Watcher
11%
Sunwell PlateauKJ
8%
Baradin HoldArgaloth, Occu'thar, Alizabal
2%
Bastion of TwilightCho'gall, Sinestra
2%
Hellfire CitadelEredar High Lord (Armnd)
2%
Blackwing DescentSon of Neltharion
2%

Score Distribution

Percentile by Number Answered

Percent of People with Each Score

Your Score History

You have not taken this quiz